<?xml version="1.0" encoding="UTF-8"?><?xml-stylesheet type="text/xsl" href="static/style.xsl"?><OAI-PMH xmlns="http://www.openarchives.org/OAI/2.0/" xmlns:xsi="http://www.w3.org/2001/XMLSchema-instance" xsi:schemaLocation="http://www.openarchives.org/OAI/2.0/ http://www.openarchives.org/OAI/2.0/OAI-PMH.xsd"><responseDate>2026-05-14T11:03:44Z</responseDate><request verb="GetRecord" identifier="oai:riubu.ubu.es:10259/9761" metadataPrefix="marc">https://riubu.ubu.es/oai/request</request><GetRecord><record><header><identifier>oai:riubu.ubu.es:10259/9761</identifier><datestamp>2025-11-16T23:42:18Z</datestamp><setSpec>com_10259_8983</setSpec><setSpec>com_10259_5086</setSpec><setSpec>com_10259_2604</setSpec><setSpec>com_10259_3847</setSpec><setSpec>col_10259_9699</setSpec><setSpec>col_10259_7109</setSpec></header><metadata><record xmlns="http://www.loc.gov/MARC21/slim" xmlns:doc="http://www.lyncode.com/xoai" xmlns:xsi="http://www.w3.org/2001/XMLSchema-instance" xmlns:dcterms="http://purl.org/dc/terms/" xsi:schemaLocation="http://www.loc.gov/MARC21/slim http://www.loc.gov/standards/marcxml/schema/MARC21slim.xsd">
<leader>00925njm 22002777a 4500</leader>
<datafield tag="042" ind1=" " ind2=" ">
<subfield code="a">dc</subfield>
</datafield>
<datafield tag="720" ind1=" " ind2=" ">
<subfield code="a">Cabeza-Lopez, Eduardo Manuel</subfield>
<subfield code="e">author</subfield>
</datafield>
<datafield tag="720" ind1=" " ind2=" ">
<subfield code="a">Ruiz González, Rubén</subfield>
<subfield code="e">author</subfield>
</datafield>
<datafield tag="720" ind1=" " ind2=" ">
<subfield code="a">Merino Gómez, Alejandro</subfield>
<subfield code="e">author</subfield>
</datafield>
<datafield tag="720" ind1=" " ind2=" ">
<subfield code="a">Curiel Herrera, Leticia Elena</subfield>
<subfield code="e">author</subfield>
</datafield>
<datafield tag="720" ind1=" " ind2=" ">
<subfield code="a">Rincón Arango, Jaime Andrés</subfield>
<subfield code="e">author</subfield>
</datafield>
<datafield tag="260" ind1=" " ind2=" ">
<subfield code="c">2024-11</subfield>
</datafield>
<datafield tag="520" ind1=" " ind2=" ">
<subfield code="a">The purpose of this research is to enhance the security of Internet of Things devices. The deployment of these gadgets has increased exponentially, nowadays they can be found in every sector from industrial environments to applications in residential homes. This technology is important for enterprises due to the ability to manage different kind of data and control critical operations in an efficiently way. Consequently, these devices have become frequent targets of cyberattacks, highlighting the necessity of robust detection methods. However it is a complicated task to find a uniform security solution due to the variety of devices, with different capabilities and requirements. This study evaluates some artificial intelligence supervised learning algorithms such as XGBoost and Random Forest using the TON_IoT dataset, which are new generations of Internet of Things and Industrial datasets for evaluating the fidelity and the efficiency of different cybersecurity applications based on Artificial Intelligence. The analysis shows both algorithms are effective in detecting cyberattacks, achieving accuracies close to 98%, with a minimal variation in terms of precision and recall. These algorithms outperform the results obtained in previous works with the same dataset, then they can provide an additional security layer, allowing accurate identification of potential attacks. This research shows the importance of artificial intelligence algorithms in cybersecurity and their potential to improve the protection of this kind of devices.</subfield>
</datafield>
<datafield tag="024" ind2=" " ind1="8">
<subfield code="a">978-3-031-75016-8</subfield>
</datafield>
<datafield tag="024" ind2=" " ind1="8">
<subfield code="a">978-3-031-75015-1</subfield>
</datafield>
<datafield tag="024" ind2=" " ind1="8">
<subfield code="a">http://hdl.handle.net/10259/9761</subfield>
</datafield>
<datafield tag="024" ind2=" " ind1="8">
<subfield code="a">10.1007/978-3-031-75016-8_21</subfield>
</datafield>
<datafield ind1=" " ind2=" " tag="653">
<subfield code="a">Artificial Intelligence (AI)</subfield>
</datafield>
<datafield ind1=" " ind2=" " tag="653">
<subfield code="a">Internet of Things (IoT)</subfield>
</datafield>
<datafield ind1=" " ind2=" " tag="653">
<subfield code="a">XGBoost</subfield>
</datafield>
<datafield ind1=" " ind2=" " tag="653">
<subfield code="a">Random Forests</subfield>
</datafield>
<datafield ind1=" " ind2=" " tag="653">
<subfield code="a">Attack detection</subfield>
</datafield>
<datafield ind1=" " ind2=" " tag="653">
<subfield code="a">TON_IoT dataset</subfield>
</datafield>
<datafield tag="245" ind1="0" ind2="0">
<subfield code="a">A Comparison of AI-Enabled Techniques for the Detection of Attacks in IoT Devices</subfield>
</datafield>
</record></metadata></record></GetRecord></OAI-PMH>